000 nam a22 a 4500
999 _c21576
_d21576
003 BLK
005 20210201133801.0
008 180413b bul|||||r ||||||| ||bul||
010 _aKNG00023863000
020 _a954-730-004-0
040 _aBLK
041 _aBUL
_cBUL
_hENG
080 _b349.2/.3
_x(4)
_z349.2/.3(4)
080 _aСоциални грижи. Социално осигуряване. Застрахователно дело. Вж и 061;172;316;304;308;311;34;37;614. 8
_b36
_x(4)
_z36(4)
139 _aЕвропейски съюз
_bП 84
245 1 0 _aПравни разпоредби на Европейския съюз относно социалната закрила
_bТ. 1 - 3
_nТ. 3
246 1 1 _aEU instruments in the area of social protection
260 _bСиби
_c1998
_aСофия
300 _c29 см
380 _a3
650 4 _aСоциално право - Европа
_9265773
650 4 _aТрудово право - Европа
_9265774
650 4 _aОбществено осигуряване - Европа - правни въпроси
_9265775
653 _aЕвропейски съюз
659 _aЕ
760 1 _h282 c.
_tТ. 3
852 _aЦб ІІ 9888
856 4 _qpdf
_u
856 4 _qpdf
_u
942 _cKNG
_n0
_s1
944 _aCR
_c08.05.2003
_kКети_Илиева
944 _aED
_c10.06.2005
999 _d21576